| 000 | 00537ntaaa2200181 4500 | ||
|---|---|---|---|
| 003 | 01 | ||
| 005 | 20251027202529.0 | ||
| 008 | 0714s1973 ag 01 | ||
| 040 |
_aAR-BaBN _bspa _cAR-BaBN _eaacr _dRIC |
||
| 082 | _a286.1820 Se5p | ||
| 100 |
_aSeminario Teológico Bautista _924279 |
||
| 245 | _aPrograma de inauguración de los nuevos cursos de estudios, la nueva fadcultad, los nuevos edificios | ||
| 250 | _a1 ed. | ||
| 260 |
_aBuenos Aires : _bs.e., _c1953 |
||
| 300 | _a12 p. | ||
| 500 | _afalta según inventario- 1989 | ||
| 942 | _cBK | ||
| 999 |
_c20336 _d20336 |
||